Giới thiệu một số tác phẩm kinh điển của C.Mác và Ph.Ăngghen : Giai đoạn hình thành chủ nghĩa Mác

Nội dung giới thiệu các tác phẩm của Mác gồm: Mác thời trẻ, Góp phần phê phán triết học pháp quyền của Hêgen. Bản thảo kinh tế - triết học năm 1844. Gia đình thần thánh, Hệ tư tưởng Đức, Luận cương về Phoiơbắc, sự khốn cùng của triế...

תיאור מלא

שמור ב:
מידע ביבליוגרפי
מחבר ראשי: Ngô, Thành Dương
פורמט: ספר
שפה:Undetermined
יצא לאור: Hà Nội Lý luận chính trị 2005
נושאים:
תגים: הוספת תג
אין תגיות, היה/י הראשונ/ה לתייג את הרשומה!
Thư viện lưu trữ: Trung tâm Học liệu Trường Đại học Cần Thơ
LEADER 01312nam a2200241Ia 4500
001 CTU_104446
008 210402s9999 xx 000 0 und d
020 |c 19000 
082 |a 335.4 
082 |b D561 
100 |a Ngô, Thành Dương 
245 0 |a Giới thiệu một số tác phẩm kinh điển của C.Mác và Ph.Ăngghen : 
245 0 |b Giai đoạn hình thành chủ nghĩa Mác 
245 0 |c Ngô Thành Dương 
260 |a Hà Nội 
260 |b Lý luận chính trị 
260 |c 2005 
520 |a Nội dung giới thiệu các tác phẩm của Mác gồm: Mác thời trẻ, Góp phần phê phán triết học pháp quyền của Hêgen. Bản thảo kinh tế - triết học năm 1844. Gia đình thần thánh, Hệ tư tưởng Đức, Luận cương về Phoiơbắc, sự khốn cùng của triết học, Những nguyên lý của CNCS. Nguồn gốc của gia đình, của chế độ tư hữu và của nhà nước. 
526 |a Chủ nghĩa xã hội khoa học 
526 |b ML018 
650 |a Philosophy, modern,Philosophy, Marxist 
904 |i Vương,Qhieu đã sửa 
980 |a Trung tâm Học liệu Trường Đại học Cần Thơ